000 00293nam a22001337a 4500
008 170927b xxu||||| |||| 00| 0 eng d
020 _a9780205739981
041 _aeng
080 _a37
100 _a47
101 _aEDU
245 _aTHE LOGMAN WRITE WRITER
_cNODEL.J
942 _2udc
_cBK
999 _c30255
_d30255